Pays champion du monde de : Hockey sur Gazon - Statistiques

Statistiques générales
  • Ce quiz a été pris 217 fois
    211 depuis la dernière actualisation
  • Le résultat moyen est 5 sur 7
Statistiques - réponses
Médaille d'or Masculin Féminim Pays % Correct
1 1 Inde
87%
5 3 2 Allemagne
84%
12 3 9 Pays-Bas
84%
5 3 2 Australie
82%
1 1 Belgique
80%
2 2 Argentine
67%
4 4 Pakistan
66%
Aucun quiz correspondant
Distribution des résultats
% des personnes avec chaque résultat
Percentile par nombre de réponses
Votre historique - résultats
Vous n’avez pas pris ce quiz depuis la dernière actualisation